000 00347 a2200157 4500
001 50000
020 _a8585913029
040 _cAnchieta - Bela Vista
100 _aMibielli, Francisco
240 1 0 _aO menino e a caboré
_lpor
245 1 0 _aO menino e a caboré
300 _a64
362 0 _a2004
650 4 _aLiteratura juvenil
942 _cBK
999 _c50000
_d50000